000 00669nam a2200241Ia 4500
003 OSt
005 20221007071657.0
006 a|||||r|||| 00| 0
007 ta
008 221006b |||||||| |||| 00| 0 eng d
020 _a002301044X
024 _a17,795
037 _cTextual
040 _aFLL
_cFLL
_beng
041 _2eng
_aeng
082 _aY:5.2.N6, L2
100 _aChandrasekhar S.
245 0 _aInfant mortality population growth and family planning in India
260 _aLondon
_bGeorge Allen & Unwin Ltd. England
_c1972
300 _a399p
_ccm.
942 _hY:5.2.N6, L2
_cTEXL
_2CC
999 _c1143963
_d1143963